00982nam a2200265 a 450000100060000000300080000600500170001400800390003102000260007002000220009603500140011804000230013204100080015508200160016324501020017925000120028126000640029330000350035750001100039250400510050265000310055370000260058470000280061073000780063836862BD-RjUL20211209052542.0140921s1995 enka b 001 0 eng a0521417694 (hardback) a0521428092 (pbk.) a(BD-RjUL) aDLCcDLCdDLCbeng aeng00a574.19222000aPrinciples and techniques of practical biochemistry /cedited by Keith Wilson and John M. Walker. a4th ed. aCambridge ;aNew York :bCambridge University Press,c1994. axxix, 586 p. :bill. ;c25 cm. aUpdated ed. of: A Biologist's guide to principles and techniques of practical biochemistry. 3rd ed. 1986. aIncludes bibliographical references and index. 0aBiochemistryxMethodology.1 aWilson, Keith,d1936-1 aWalker, John M.,d1948-0 aBiologist's guide to principles and techniques of practical biochemistry.